00683cam a22002173a 450000100060000000300060000600500170001200800410002904000150007004200070008505000070009210000520009924501280015126000290027950600300030851600200033865300200035865300160037883000290039485600420042314902PGUSA20140828083322.0050204s2005||||xxu|||||s|||||000 | eng d aPGUSAbeng adc 4aPS1 aWheeler, Edward L.q(Edward Lytton),d1854-188510aDeadwood Dick, The Prince of the Road ;bor, The Black Rider of the Black Hillsh[electronic resource] /cEdward L. Wheeler bProject Gutenberg,c2005 aPublic domain in the USA. aElectronic text aWestern stories aDime novels 0aProject Gutenbergv1490240uhttp://www.gutenberg.org/ebooks/14902